000 03063nam a22002777a 4500
005 20240305165506.0
007 cr|||| ||||
008 180424s2017 cu |||||s|||| 00||0 spa d
020 _a978-959-7219-49-1
035 _a21474
040 _avLex
090 _c7816
_d7816
100 1 _aMedina Cuenca, Arnel
245 1 0 _aLuces y sombras de la reforma penal y procesal penal en Iberoamérica
_h[Recurso electrónico] /
_cArnel Medina Cuenca
256 _aServicio en línea
260 _aLa Habana:
_bUnión Nacional de Juristas de Cuba,
_c2017
300 _a1 recurso electrónico
500 _aUna característica importante del proceso de reforma, como desarrollo de una determinada política pública, es que ha tenido capacidad de ir realizando evaluaciones, más o menos profundas, según cada país, pero en todo caso proveedoras de información empírica sobre la marcha de los procesos de implementación de la reforma integral. Frente al facilismo de cantar victoria o proclamar fracasos, lo destacable de la gran mayoría de esas evaluaciones ha sido que ellas señalaban problemas precisos en los que la reforma de la justicia penal no daba todavía los resultados esperados o marcaba nuevas y más profundas dificultades. Aún más: mostraba una tendencia a lo que desde entonces se llama la reconfiguración inquisitorial del sistema acusatorio, es decir, que el sistema en sus variables principales tendía a funcionar del mismo modo que antes. Esto por supuesto no de un modo completo, pero lo suficientemente grave como para generar una nueva batería de medias de intervención. Se toma conciencia, pues, que la acción de los operadores, a través de prácticas concretas, a veces meramente burocráticas o aparentemente inocentes, lograban que el nuevo sistema de justicia penal, a pesar de las nuevas reglas, funcionara, en los hechos, de un modo bastante cercano a lo que se quería abandonar, es decir, escriturismo, lentitud, selectividad no orientada por la planificación, así como los grandes objetivos de oralidad y publicidad de los juicios se veían opacados por las suspensiones de las audiencias, la incorporación de prueba escrita, la continuación del papel activo de los jueces supliendo a las partes, la falta de litigio adversarial, etc. A todo ese conjunto de problemas se comienza a denominarlo “reconfiguración inquisitorial de los sistemas acusatorios” y constituye un problema al que se le comienzan a buscar soluciones.
506 1 _aDisponible solo en los productos indicados
_dvLex Global
_dvLex Global (Academic Edition, excluding Law Schools)
_dvLex Global (U.S. Academic Edition, Law Schools)
_dvLex Global (U.S. Academic Edition, excluding Law Schools)
_dvLex Global (Academic Edition, Law Schools)
650 0 4 _aDerecho Penal
_zCuba
650 0 4 _aDerecho Procesal
_zCuba
650 0 4 _aProcedimiento Penal
_zCuba
740 0 _avLex Libros (Servicio en línea)
856 4 0 _uhttps://app.vlex.com/#/sources/luces-y-sombras-de-la-reforma-penal-y-procesal-penal-en-iberoamerica-21474
942 _cRAA
999 _c166053
_d166053